Open Data Biblioteca Nacional de Portugal


República Portuguesa: Ministério da Cultura
Biblioteca Nacional de Portugal

Catálogo da BNP: acesso por Identificadores Unívocos
Registos Bibliográficos associados ao registo de autoridade

Etiqueta de registo: 00000nam 2200025 450
001 2283777
003 http://id.bnportugal.gov.pt/bib/catbnp/2283777
100 ## $a20260407d2025 k y0pory01030103ba
101 0# $aeng$dpor
102 ## $aPT
105 ## $aa m 000yy
106 ## $ar
200 1# $aDecoding neuro-immune crosstalk in osteoarthritis and aseptic loosening$efrom bioprinted repair strategy to implant debris interactions$fMarina Alexandra Moreira do Couto$gorient. Meriem Lamghari, Bruno Sarmento
210 #9 $aPorto$c[s.n.],$d2025
215 ## $a205 p.$cil.$d30 cm
328 #1 $aTese dout. Biotecnologia Molecular e Celular Aplicada às Ciências da Saúde, Instituto de Ciências Biomédicas de Abel Salazar, Faculdade de Farmácia, Universidade do Porto, 2025
675 ## $a606(043)$vBN$zpor$31883873
675 ## $a616.72-002(043)$vBN$zpor$3713632
700 #1 $aCouto,$bMarina Alexandra Moreira do$31994853
702 #1 $aLamghari,$bMeriem$4727$31318800
702 #1 $aSarmento,$bBruno,$f1978-$4727$31391327
801 #0 $aPT$bBN$gRPC
966 ## $lBN$mFGMON$sS.A. 193884 V.$x1
971 ## $corlando$d20260407
972 ## $e0$z0$d20260525$vlrevez
973 ## $ctrodrigues$d20260518

OpendataBNP@bnportugal.pt | Mais informação sobre acesso aos dados BNP